| 000 | 01118nam a22002894i 4500 | ||
|---|---|---|---|
| 999 |
_c7889 _d7889 |
||
| 001 | 991061123560406706 | ||
| 003 | OSt | ||
| 005 | 20240514142847.0 | ||
| 008 | 240430s2024 spca||||||||| 000 0bcat|c | ||
| 017 |
_aDL L 184-2024 _bBiblioteca de Catalunya |
||
| 020 | _a9788491444855 | ||
| 040 |
_aES-LlUDL _bcat _erda _cCDMR |
||
| 100 | 1 | _aGonzález Munsó, Leonci, | |
| 245 | 1 | 0 |
_aAmali Prim i Seguí (1878-1937) : _bmetge, músic i periodista / _cLeonci González Munsó |
| 264 | 1 |
_aLleida : _bEdicions de la Universitat de Lleida ; _aAlguaire : _bPatronat Josep Lladonosa, _c2024 |
|
| 300 |
_a197 pàgines : _bil·lustracions en blanc i negre ; _c21 cm |
||
| 490 | 1 |
_aCol·lecció Josep Lladonosa ; _v26 |
|
| 504 | _aInclou notes i bibliografia | ||
| 586 | _a34è Premi Josep Lladonosa d'Història Local dels Països Catalans, 2023 | ||
| 600 | 1 | 7 |
_aPrim i Seguí, Amali, _d1878-1937 _vBiografia _2lemac |
| 650 | 7 |
_aPeriodistes _zCatalunya _vBiografia. _2lemac |
|
| 650 | 0 |
_aPeriodistes catalans _vBiografia _93139 |
|
| 830 | 0 |
_aCol·lecció Josep Lladonosa ; _v26 |
|
| 908 | _aUdL | ||
| 940 | _aUdL | ||
| 942 |
_2udc _cMON |
||